From bureaucracy to public management (Record no. 516921)

000 -LEADER
fixed length control field 00356nam a2200121 4500
082 ## - DEWEY DECIMAL CLASSIFICATION NUMBER
Classification number TNC L12x71 D968
100 ## - MAIN ENTRY--PERSONAL NAME
Personal name Dwivedi, O.P. and Gow, James Iain
9 (RLIN) 23765
245 ## - TITLE STATEMENT
Title From bureaucracy to public management
260 ## - PUBLICATION, DISTRIBUTION, ETC. (IMPRINT)
Place of publication, distribution, etc Canada
Name of publisher, distributor, etc IPAC
Date of publication, distribution, etc 1937
300 ## - PHYSICAL DESCRIPTION
Extent 192p
650 ## - SUBJECT ADDED ENTRY--TOPICAL TERM
Topical term or geographic name as entry element Civil Service - Canada
9 (RLIN) 23766
650 ## - SUBJECT ADDED ENTRY--TOPICAL TERM
Topical term or geographic name as entry element Political culture - Canada
9 (RLIN) 23767
Holdings
Withdrawn status Lost status Source of classification or shelving scheme Damaged status Koha normalized classification for sorting Not for loan Permanent location Current location Date acquired Full call number Barcode Date last seen Price effective from Koha item type
        TNC_L12X71_D968   Indian Institute of Public Administration Indian Institute of Public Administration 2021-03-24 TNC L12x71 D968 GR23075 2021-03-24 2021-03-24 GR

Powered by Koha